| 000 | 00724nam a2200193 4500 | ||
|---|---|---|---|
| 999 |
_c80825 _d80825 |
||
| 008 | 210108b ||||| |||| 00| 0 eng d | ||
| 040 |
_aDE-2950 _bger _cDE-2950 _erda |
||
| 041 | _ager | ||
| 100 | _aGersmeier, Olaf: | ||
| 245 |
_aEin langer Weg - Die ehemalige Bürgerschule wird zum Stadtarchiv. _cOlaf Gersmeier |
||
| 651 | _aFrankfurt (Oder) | ||
| 653 | _aBürgerschule | ||
| 653 | _aStadtarchiv | ||
| 773 |
_dFrankfurt (Oder): Stadt Frankfurt (Oder) und Büro für Stadtplanung, -forschung und -erneuerung _g(2019), Nr. 27, Dezember, S. 12-13 _tZentrum: Zeitschrift für das Sanierungsgebiet ehemalige Altstadt Frankfurt (Oder) |
||
| 942 | _cA | ||